Представление документа в формате RUSMARC

ПолеНазваниеЗначение
  Тип записи i
  Библиографический уровень m
001 Контрольный номер RU/IS/BASE/468956475
005 Дата корректировки 20260126162659.5
010 Индекс ISBN __
a ISBN 978-5-9677-1565-5 (в кор.)
d Цена 168-75; 135-00
100 Данные общей обработки __
a Данные общей обработки 19141110d2008||||||| 0rusy0189 ca
101 Язык документа 0_
a Язык текста rus
102 Страна публикации __
a Страна публикации ru|
105 Кодированные данные (монография) __
a Кодированные данные (монография) nn|||||||z|zy
127 Кодированные данные (звукозаписи-физические характеристики) __
a Продолжительность проигрывания 01 ч 44 мин
200 Заглавие и сведения об ответственности 1_
a Заглавие Семейное счастье, или Пьесы-шутки Антона Чехова
e Сведения, относящиеся к заглавию аудиоспектакль [Театра Музыкальной Драмы по коротким пьесам А. П. Чехова : 12+]
f Первые сведения об ответственности [сценарий и постановка Дениса Семенова ; исполняют: Татьяна Шакурова и др.]
b Общее обозначение материала Звукозапись
210 Выходные данные 1_
a Место издания Москва
c Издательство 1С-Паблишинг
d Дата издания 2011
215 Физическое описание __
a Объем 1 электрон. опт. диск (Audio CD)
c Иллюстрации/тип воспроизводства mp3, stereo
d Формат 12х14 см
225 Серия 2_
a Серия 1С: Аудиотеатр
225 Серия 2_
a Серия Русская классика
230 Специфическая характеристика материала: электронные ресурсы __
a Обозначение и объем ресурса Электронные звуковые данные
323 Примечание о главных создателях, исполнителях, участниках __
a Примечание о главных создателях, исполнителях, участниках Шакурова, Т.
323 Примечание о главных создателях, исполнителях, участниках __
a Примечание о главных создателях, исполнителях, участниках Семенов, Д.
323 Примечание о главных создателях, исполнителях, участниках __
a Примечание о главных создателях, исполнителях, участниках Бычков, А.
323 Примечание о главных создателях, исполнителях, участниках __
a Примечание о главных создателях, исполнителях, участниках Федорчук, С.
323 Примечание о главных создателях, исполнителях, участниках __
a Примечание о главных создателях, исполнителях, участниках Емельянова, Т.
327 Примечание о содержании 0_
a Примечание о содержании Медведь : шутка в одном действии
327 Примечание о содержании 0_
a Примечание о содержании Трагик поневоле : шутка в одном действии
327 Примечание о содержании 0_
a Примечание о содержании О вреде табака : сцена монолог в одном действии
327 Примечание о содержании 0_
a Примечание о содержании Предложение : шутка в одном действии
330 Аннотация __
a Аннотация Пьесы-шутки Антона Павловича Чехова ставят перед режиссером и актерами нешуточную задачу. Глубокие по содержанию, безупречные по форме, с искрометными сюжетами, с богатством выразительных средств, где юмор переходит в сарказм, ирония граничит с романтикой, где соединяются гротескное изображение действительности и подлинность переживания, - они требуют даже больших творческих усилий, чем серьезные произведения великого драматурга. Спектакль "Семейное счастье" соединил в одну полнокровную картину четыре коротких пьесы о семейных отношениях - на разных этапах их развития.
333 Примечание о целевом назначении __
a Примечание о целевом назначении 12+. Для детей старше 12 лет
337 Примечание о системных требованиях (электронные ресурсы) __
a Примечание о системных требованиях (электронные ресурсы) Системные требования: MS Windows ; Pentium 100 ; RAM 16 Мб ; SVGA, 800x600 ; CD-ROM ; зв. карта ; колонки или наушники ; мышь или аудиосистемы с поддержкой формата MP3: музыкальный центр ; CD/DVD-плеер и т.д.
517 Другие варианты заглавия 1_
a Другие варианты заглавия Пьесы-шутки Антона Чехова
517 Другие варианты заглавия 1_
a Другие варианты заглавия Медведь
517 Другие варианты заглавия 1_
a Другие варианты заглавия Трагик по неволе
517 Другие варианты заглавия 1_
a Другие варианты заглавия О вреде табака
517 Другие варианты заглавия 1_
a Другие варианты заглавия Предложение
606 Тематические рубрики __
a Основная рубрика Музыка и зрелищные искусства
606 Тематические рубрики __
a Основная рубрика Художественное радиовещание
606 Тематические рубрики __
a Основная рубрика Художественная литература
606 Тематические рубрики __
a Основная рубрика Русская литература XIX в. (произведения)
610 Ключевые слова 0_
a Ключевые слова аудиопостановки
a Ключевые слова аудиоспектакли
a Ключевые слова драматургия
a Ключевые слова пьесы
a Ключевые слова пьесы-шутки
a Ключевые слова тема взаимоотношений
a Ключевые слова тема семейной жизни
a Ключевые слова тема семьи
a Ключевые слова тема человека
686 Индексы других классификаций __
2 Код системы rubbks
a Классификационный индекс 85.381.3(2)-7я04
686 Индексы других классификаций __
2 Код системы rubbks
a Классификационный индекс 84(2=411.2)52-6я04; ст85.38я0 + ст84(2Рос=Рус)1-6я0
702 Вторичная интеллектуальная ответственность _1
a Фамилия Семенов
b Имя Д.
4 Код отношения Сценарист
4 Код отношения 690
711 Наименование организации. (Альтернативная ответственность) 02
a Организация/ юрисдикция Театр Музыкальной Драмы
801 Источник записи _0
a Страна ru
b Организация Муниципальное бюджетное учреждение культуры "Централизованная библиотечная система" г. Сургут (Центральная городская библиотека им. А. С. Пушкина)
c Дата составления 20141110
g Правила каталогизации КиК/Лукашук
801 Источник записи _1
a Страна ru
b Организация Муниципальное бюджетное учреждение культуры "Централизованная библиотечная система" г. Сургут (Центральная городская библиотека им. А. С. Пушкина)
c Дата составления 20141110
g Правила каталогизации КиК/Лукашук
852 Данные о местонахождении __
j Шифр хранения 85.381.3(2)-7я04
i Авторский знак С 30
901 Тип документа 1_
t Тип документа 0
903 Характеристики (МАРС) __
a Дата передачи 20141110
969 Тип издания __
a Тип издания аудиоспектакль; издание для слепых; сборник
990 Данные о заказе (DOS) __
j Количество экземпляров (DOS) 10
t N записи в КСУ для И/У (DOS) 201411